| 000 | 00485pam a2200157 a 4500 | ||
|---|---|---|---|
| 020 |
_a0826404707 : _c$24.95 |
||
| 050 | 0 | 0 |
_aR726 _b.T48 1990 |
| 100 | 1 |
_aThomasma, David C., _d1939- |
|
| 245 | 1 | 0 |
_aEuthanasia : _btoward an ethical social policy / _cDavid C. Thomasma and Glenn C. Graber. |
| 260 |
_aNew York [USA] : _bContinuum, _c1990. |
||
| 300 | _ax, 302 p. ; | ||
| 500 | _aIncludes index. | ||
| 650 |
_xMedical ethics ; _xEuthanasia. |
||
| 700 | 1 | _aGraber, Glenn C. | |
| 942 |
_2lcc _cGEN |
||
| 999 |
_c6457 _d6457 |
||